00000000nam##2200000za#4500
0019.660168
003CaOODSP
00520200401053930
007ta
008150407|1998||||xxc|||||     f|0| 0 fre|d
020 |a0-662-63574-4
040 |aCaOODSP|bfre
041 |aeng
041 |afre
043 |an-cn---
0861 |aH39-437/1998
1101 |aCanada.|bSanté Canada. |bDirection générale de la promotion et des programmes de la santé.
24513|aLa stratégie canadienne sur la VIH/SIDA : |bensemble nous irons plus loin
260 |aOttawa - Ontario : |bSanté Canada. |c1998.
300 |aTexte français, 16p. ; |c28 cm.
500 |a«La nouvelle Stratégie mettra l'accent sur les personnes les plus à risque d'être infectées en ciblant les comportements à haut risque dans les populations difficiles à atteindre. On abordera également les aspects sociaux, économiques, juridiques et éthiques de la lutte contre le VIH/AIDS dans ces populations ainsi que la questions des droits de la personne.»--Introduction.
5203 |aLa nouvelle Stratégie mettra l'accent sur les personnes les plus à risque d'être infectées en ciblant les comportements à haut risque dans les populations difficiles à atteindre. On abordera également les aspects sociaux, économiques, juridiques et éthiques de la lutte contre le VIH/AIDS dans ces populations ainsi que la questions des droits de la personne.--Introduction
546 |aBilingue
590 |a99-38|b1999-09-24
69107|aSIDA|2gcpds
7760#|t[La stratégie canadienne sur le VIH/sida] : |w(CaOODSP)9.640310
791 |tThe Canadian strategy on HIV/AIDS : |eeng|w(CaOODSP)9.660167